[Event "World-chT Rapid"]
[Site "Duesseldorf"]
[Date "2023.08.27"]
[Round "6.15"]
[White "Braeutigam, Katerina"]
[Black "Mirzaiee Rad, Javad"]
[Result "1-0"]
[WhiteElo "1884"]
[BlackElo "1721"]
[PlyCount "65"]
[EventDate "2023.08.26"]
[EventType "team-swiss (rapid)"]
[EventRounds "12"]
[EventCountry "GER"]
[SourceTitle "CBM 215 Extra"]
[Source "ChessBase"]
[SourceDate "2023.09.30"]
[SourceVersion "1"]
[SourceVersionDate "2023.09.30"]
[SourceQuality "1"]
[WhiteTeam "Kiel Doppelbauer"]
[BlackTeam "Phile Khoob CC"]
[WhiteTeamCountry "GER"]
[BlackTeamCountry "IRI"]

1. e4 e5 2. Nf3 Nc6 3. Bb5 a6 4. Ba4 Nf6 5. d3 d6 6. c3 Be7 7. h3 0-0 8. 0-0 b5 9. Bc2 Bb7 10. Re1 Na5 11. d4 Nd7 12. Nbd2 c5 13. Nf1 cxd4 14. cxd4 Rc8 15. Ne3 Nc4 16. Nf5 Bf6 17. b3 exd4 18. N3xd4 Na5 19. Ba3 Rxc2 20. Qxc2 Qb6 21. Rad1 Rc8 22. Qd2 Nc5 23. f3 Ne6 24. Kh1 g6 25. Nxe6 fxe6 26. Nxd6 Bc3 27. Nxc8 Bxd2 28. Nxb6 Bxe1 29. Rxe1 Kf7 30. Nd7 Nc6 31. Nc5 Bc8 32. Rd1 Ne5 33. Rd8 1-0